Statistiken für Länder mit den höchsten Höchsttemperaturen

Klicken Sie hier um das Quiz zu spielen!

Allgemein

  • Dieses Quiz wurde 2,457 mal gespielt
  • Das Durchschnittsergebnis liegt bei 15 aus 21

Antwortstatistiken

°C °F Land % Korrekt
50.3122.5Ägypten
88%
52.0125.6Saudi-Arabien
86%
54.0129.2Vereinigte Staaten
85%
51.0123.8Indien
84%
50.6123.1Algerien
82%
52.0125.6Mexiko
82%
50.7123.3Marokko
81%
53.7128.9Iran
80%
50.7123.3Australien
79%
53.9129.0Irak
78%
50.3122.4China
77%
50.1122.2Tunesien
76%
50.8123.4Oman
74%
50.2122.4Libyen
74%
51.5124.7Vereinigte Arabische
Emirate
69%
53.5128.3Pakistan
68%
51.2124.2Israel
67%
50.4122.7Katar
66%
54.0129.2Kuwait
60%
51.1124.0Jordanien
60%
50.1122.2Turkmenistan
20%

Verteilung der Resultate

Perzentil nach korrekt beantworteten Fragen

Anzahl Personen mit jedem Resultat

Ihre Resultats-Entwicklung

Sie haben dieses Quiz noch nicht gespielt